Otvorené Jacksonove obslužné siete, softvérové možnosti riešenia
Softvérové riešenia obslužných sietí v prostredí jazyku R a Simul8. Simulačný a analytický prístup a ich porovnanie z edukačného hladiska.
Salvato in:
| Autore principale: | |
|---|---|
| Natura: | Capitolo di libro |
| Lingua: | slovacco |
| Soggetti: | |
| Tags: |
Nessun Tag, puoi essere il primo ad aggiungerne!!
|
MARC
| LEADER | 00000naa$a2200000$$$4500 | ||
|---|---|---|---|
| 001 | 0280113 | ||
| 005 | 20240502074339.2 | ||
| 041 | 0 | |a slo | |
| 044 | |a SK | ||
| 245 | 1 | 0 | |a Otvorené Jacksonove obslužné siete, softvérové možnosti riešenia |c Marian Reiff |
| 520 | |a Softvérové riešenia obslužných sietí v prostredí jazyku R a Simul8. Simulačný a analytický prístup a ich porovnanie z edukačného hladiska. | ||
| 610 | 2 | 0 | |a softvér |
| 610 | 2 | 0 | |a modely |
| 610 | 2 | 0 | |a simulácia |
| 100 | 1 | |a Reiff, Marian, 1978- | |